Central Library and Information Centre
Sibsagar Girls' College, Sivasagar : Assam

ASOMIYA KABITAR AALUSONA (Record no. 8746)

MARC details
000 -LEADER
fixed length control field 00414cam a2200181ua 4500
008 - FIXED-LENGTH DATA ELEMENTS--GENERAL INFORMATION
fixed length control field 161221n1996 II |||gr||||Z||||||asm
040 ## - CATALOGING SOURCE
Original cataloging agency MAIN
041 ## - LANGUAGE CODE
-- English
082 ## - DEWEY DECIMAL CLASSIFICATION NUMBER
Classification number 891.491 GOS
100 ## - MAIN ENTRY--PERSONAL NAME
Personal name GOSWAMI, PROBUDH CHANDRA.
245 ## - TITLE STATEMENT
Title ASOMIYA KABITAR AALUSONA
250 ## - EDITION STATEMENT
Edition statement 1ST.
260 ## - PUBLICATION, DISTRIBUTION, ETC.
Place of publication, distribution, etc. GUWAHATI
Name of publisher, distributor, etc. BANI PRAKASH
Date of publication, distribution, etc. 1996
300 ## - PHYSICAL DESCRIPTION
Extent 338.
942 ## - ADDED ENTRY ELEMENTS (KOHA)
Koha item type Books
653 ## - INDEX TERM--UNCONTROLLED
Uncontrolled term Asomiya Kabita
Holdings
Withdrawn status Lost status Damaged status Not for loan Collection code Home library Current library Shelving location Date acquired Full call number Barcode Date last seen Copy number Price effective from Koha item type Public note
        REFASM Central Library and Information Centre Sibsagar Girls College Central Library and Information Centre Sibsagar Girls College ASSAMESE OLD REFERENCE 23.06.1998 891.491 GOS 15929 27.02.2020 1 27.02.2020 Books V
        REFASM Central Library and Information Centre Sibsagar Girls College Central Library and Information Centre Sibsagar Girls College ASSAMESE OLD REFERENCE 23.06.1998 891.491 GOS 15930 27.02.2020 2 27.02.2020 Books V


Sibsagar Girl's College © 2020. All rights reserved.
Powered by Koha.
Maintained by Abhijit Borpuzari.